Statistiken für Südlichste Städte Quiz

Klicken Sie hier um das Quiz zu spielen!

Allgemein

  • Dieses Quiz wurde 1,294 mal gespielt
  • Das Durchschnittsergebnis liegt bei 12 aus 25

Antwortstatistiken

Breitengrad Bevölkerung Stadt % Korrekt
33.87 °S5.0 Mio.Sydney
96%
26.20 °S13.1 Mio.Johannesburg / Pretoria
88%
34.61 °S16.0 Mio.Buenos Aires
88%
33.92 °S4.1 Mio.Kapstadt
86%
37.82 °S4.5 Mio.Melbourne
82%
22.91 °S12.7 Mio.Rio de Janeiro
81%
33.44 °S7.2 Mio.Santiago
80%
23.56 °S21.9 Mio.São Paulo
72%
31.95 °S2.0 Mio.Perth
71%
36.88 °S1.5 Mio.Auckland
65%
34.88 °S1.8 Mio.Montevideo
65%
27.47 °S2.9 Mio.Brisbane
52%
34.93 °S1.3 Mio.Adelaide
46%
25.31 °S2.3 Mio.Asunción
40%
29.86 °S3.3 Mio.Durban
39%
25.58 °S2.3 Mio.Maputo
28%
30.03 °S4.1 Mio.Porto Alegre
21%
33.95 °S1.3 Mio.Port Elizabeth
20%
31.41 °S1.6 Mio.Córdoba
20%
32.97 °S1.4 Mio.Rosario
16%
25.44 °S3.3 Mio.Curitiba
11%
33.05 °S1.0 Mio.Valparaíso
10%
32.89 °S1.1 Mio.Mendoza
7%
36.82 °S1.0 Mio.Concepción
4%
23.96 °S1.7 Mio.Santos
4%

Verteilung der Resultate

Perzentil nach korrekt beantworteten Fragen

Anzahl Personen mit jedem Resultat

Ihre Resultats-Entwicklung

Sie haben dieses Quiz noch nicht gespielt